Management pontificio : enseñanzas del gobierno papal para organizaciones contemporáneas /
Gespeichert in:
| 1. Verfasser: | |
|---|---|
| Weitere Verfasser: | , , |
| Format: | E-Book |
| Sprache: | Spanisch |
| Veröffentlicht: |
Córdoba (España) :
Editorial Almuzara ; LID Editorial,
2025.
|
| Schlagworte: | |
| Online-Zugang: | https://elibro.unach.elogim.com/es/lc/unach/titulos/291736 |
| Tags: |
Tag hinzufügen
Keine Tags, Fügen Sie den ersten Tag hinzu!
|
MARC
| LEADER | 00000nam a2200000 i 4500 | ||
|---|---|---|---|
| 001 | ELB291736 | ||
| 003 | FINmELB | ||
| 005 | 20260223142500.5 | ||
| 006 | m o d | | ||
| 007 | cr cnu|||||||| | ||
| 008 | 260217s2025 sp ob 001 0 spa d | ||
| 020 | |a 9788410221567 |q (print) | ||
| 020 | |a 9788410221628 |q (e-book) | ||
| 035 | |a (OCoLC)1574228637 | ||
| 040 | |a FINmELB |b spa |e rda |c FINmELB | ||
| 050 | 4 | |a JN5697.A58 |b F363 2025 | |
| 080 | |a 321.1(456.31) | ||
| 082 | 0 | 4 | |a 945.6340092 |2 23 |
| 100 | 1 | |a Fernández Aguado, Javier, |e autor. | |
| 245 | 1 | 0 | |a Management pontificio : |b enseñanzas del gobierno papal para organizaciones contemporáneas / |c Javier Fernández Aguado. |
| 264 | 1 | |a Córdoba (España) : |b Editorial Almuzara ; LID Editorial, |c 2025. | |
| 300 | |a 1 recurso en línea (502 páginas) | ||
| 336 | |a texto |b txt |2 rdacontent/spa | ||
| 337 | |a computadora |b c |2 rdamedia/spa | ||
| 338 | |a recurso en línea |b cr |2 rdacarrier/spa | ||
| 500 | |a incluye anexos. | ||
| 500 | |a incluye epílogo. | ||
| 500 | |a incluye índice. | ||
| 504 | |a incluye bibliografía. | ||
| 588 | |a Descripción basada en metadatos suministrados por el editor y otras fuentes. | ||
| 590 | |a Recurso electrónico. Santa Fe, Arg.: elibro, 2026. Disponible vía World Wide Web. El acceso puede estar limitado para las bibliotecas afiliadas a elibro. | ||
| 651 | 4 | |a Ciudad del Vaticano |x Político y gobierno. | |
| 655 | 4 | |a Libros electrónicos. | |
| 700 | 1 | |a Visedo, Rosa, |e prólogo. | |
| 700 | 1 | |a Cubeiro, Juan Carlos, |e epílogo. | |
| 700 | 1 | |a Albarracín, Paloma, |e corrección. | |
| 797 | 2 | |a elibro, Corp. | |
| 856 | 4 | 0 | |u https://elibro.unach.elogim.com/es/lc/unach/titulos/291736 |